1840 1194 1608 1506 1903 1673 1617 1191 1888 1242 1065 1359 1809 1484 1278 1622 1822 1597 1625 1780 1050 1865 1169 1146 1063 1459 1663 1486 1669 1600 1914 1065 1037 1165 1765 1189 1397 1483 1109 1623 1018 1301 1900 1153 1757 1516 1975 1407 1243 1674 1517 1825 1917 1480 1938 1198 1184 1638 1287 1652 1544 1716 1749 1530 1695 1000 1066 1125 1132 1010 1708 1025 1709 1977 1453 1040 1797 1515 1878 1538 1248 1784 1363 1298 1515 1565 1517 1116 1252 1222 1721 1703 1018 1062 1261 1468 1138 1825 1162 BCNSPRNW ULIB Ver.6.0+V

เปลี่ยนเป็นภาษาไทย

Change to English
 แสดงรายละเอียดบรรณานุกรม
  กลับหน้าหลัก

Brief Record : Get Marc (ISO 2709) : E-mail record : QR code < ปิดหน้าต่าง
LEADER : 00000nam 2200000uu 4500
001    13399121616
003     ULIB
008    121127s2550||||th 000 0 tha d
020    ^a9789740318965
060 04 ^aWS350^bผ511ส
100 0  ^aผกา สัตยธรรม
245 10 ^aสุขภาพจิตเด็ก /^cผกา สัตยธรรม
250    ^aพิมพ์ครั้งที่ 8
260    ^aกรุงเทพฯ :^bสำนักพิมพ์แห่งจุฬาลงกรณ์มหาวิทยาลัย,^c2550
300    ^a220 หน้า :^bภาพประกอบ ;^c21 ซม.
500    ^aตำราในโครงการและเอกสารทางวิชาการ คณะครุศาสตร์จุฬาลงกรณ์มหาวิทยาลัย
650  7 ^aจิตวิทยเด็ก
650  7 ^aเด็ก^xการดูแล
650  7 ^aเด็ก^xสุขภาพจิต
650  7 ^aเด็กที่เป็นปัญหา
650  7 ^aสุขภาพจิต^xในวัยทารกและเด็ก
945    ^p155^l0^i14897
945    ^p155^l0^i14898
995    ^aวิภา
999 ^a ใช้งานได้ทุกระบบ
รายการนี้ยังไม่มีแท็ก
คุณยังไม่ได้ล็อกอิน คุณสามารถมีกิจกรรมร่วมกับเว็บไซต์ได้ แต่ต้องล็อกอินก่อน ::
  ล็อกอิน

รายการสื่อสารสนเทศ

ลำดับที่ ประเภท เลขเรียก/บาร์โค้ด สถานที่ สถานะ
1. วิทยาศาสตร์การแพทย์ และสุขภาพ
วิทยาศาสตร์การแพทย์ และสุขภาพ
WS350 ผ511ส ฉ.1 
  Barcode: 14897
ห้องสมุดวิทยาเขตนครสวรรค์
►ส่วนจัดเก็บหนังสือเก่า นว.
บนชั้น
  ขอยืม

รายการใกล้เคียง
    ผู้แต่ง [ผกา สัตยธรรม]

    หัวเรื่อง [จิตวิทยเด็ก]
    หัวเรื่อง [เด็ก การดูแล]
    หัวเรื่อง [เด็กที่เป็นปัญหา]

BibComment


ยังไม่เคยถูกคอมเมนท์

คอมเมนท์ทรัพยากรรายการนี้
  คอมเมนท์: สุขภาพจิตเด็ก ผ..


 Copyright 2026. Bcnsprnw @Library